[Event "Zalakaros open (Barczay memorial)"]
[Site "Zalakaros"]
[Date "2019.05.26"]
[Round "4.17"]
[White "Kincs, Imre"]
[Black "Marton, Jozsef"]
[Result "1/2-1/2"]
[WhiteElo "2228"]
[BlackElo "2069"]
[PlyCount "30"]
[EventDate "2019.05.23"]
[EventType "swiss"]
[EventRounds "9"]
[EventCountry "HUN"]

1. d4 Nf6 2. c4 e6 3. Nf3 d5 4. Nc3 Bb4 5. Bg5 Nbd7 6. cxd5 exd5 7. e3 c5 8.
dxc5 Bxc3+ 9. bxc3 Qa5 10. Qd4 O-O 11. Bd3 Ne4 12. O-O Ndxc5 13. Be7 Re8 14.
Bxc5 Qxc5 15. Bxe4 Qxd4 1/2-1/2

[Event "Zalakaros open (Barczay memorial)"]
[Site "Zalakaros"]
[Date "2019.05.26"]
[Round "4.18"]
[White "Pasztor, Ferenc"]
[Black "Daroczi, Donat"]
[Result "1/2-1/2"]
[WhiteElo "2225"]
[BlackElo "2050"]
[PlyCount "50"]
[EventDate "2019.05.23"]
[EventType "swiss"]
[EventRounds "9"]
[EventCountry "HUN"]

1. c4 e6 2. d4 d5 3. Nf3 Nf6 4. Bg5 Be7 5. Nc3 O-O 6. e3 h6 7. Bh4 b6 8. cxd5
Nxd5 9. Bxe7 Qxe7 10. Rc1 Bb7 11. Be2 Rc8 12. O-O c5 13. Ne5 Nd7 14. Nxd7 Qxd7
15. dxc5 Rxc5 16. e4 Nf6 17. Qxd7 Nxd7 18. b4 Rc7 19. Bb5 Ne5 20. f4 Ng6 21. f5
exf5 22. exf5 Nh4 23. Ne2 Rxc1 24. Rxc1 Bxg2 25. Rc4 Nxf5 1/2-1/2

[Event "Zalakaros open (Barczay memorial)"]
[Site "Zalakaros"]
[Date "2019.05.26"]
[Round "4.19"]
[White "Draganic, Stjepan"]
[Black "Borsos, Bogdan"]
[Result "1/2-1/2"]
[WhiteElo "2075"]
[BlackElo "2217"]
[PlyCount "33"]
[EventDate "2019.05.23"]
[EventType "swiss"]
[EventRounds "9"]
[EventCountry "HUN"]

1. d4 d5 2. Bf4 c5 3. e3 Nc6 4. Nf3 e6 5. c3 Nf6 6. Nbd2 Bd6 7. Bg3 O-O 8. Be2
b6 9. Bb5 Ne7 10. Bxd6 Qxd6 11. Ne5 a5 12. O-O Ba6 13. Bxa6 Rxa6 14. Qe2 Ra7
15. f4 a4 16. a3 b5 17. Nd3 1/2-1/2

[Event "Zalakaros open (Barczay memorial)"]
[Site "Zalakaros"]
[Date "2019.05.26"]
[Round "4.20"]
[White "Pasztor, Balazs"]
[Black "Friml, Antonin"]
[Result "0-1"]
[WhiteElo "2215"]
[BlackElo "2025"]
[PlyCount "90"]
[EventDate "2019.05.23"]
[EventType "swiss"]
[EventRounds "9"]
[EventCountry "HUN"]

1. e4 e5 2. Nf3 Nc6 3. Bc4 Be7 4. O-O Nf6 5. d3 O-O 6. Re1 d6 7. a4 Na5 8. Ba2
c5 9. c3 Bg4 10. h3 Bd7 11. Nbd2 Rc8 12. b4 cxb4 13. cxb4 Nc6 14. b5 Nb4 15.
Bc4 a5 16. Ba3 g6 17. Qb3 Nh5 18. Bxb4 axb4 19. Bd5 Nf4 20. d4 exd4 21. Nc4 Ne6
22. Qxb4 Nc5 23. Rad1 Be6 24. Nxd4 Bxd5 25. exd5 Bf6 26. Nf3 Qc7 27. b6 Qd7 28.
a5 Rfd8 29. Ne3 Re8 30. Ng4 Bg7 31. Qd2 h5 32. Nh6+ Kf8 33. Nh4 Rxe1+ 34. Rxe1
Qd8 35. g3 Qf6 36. Kg2 Nb3 37. Qe3 Nxa5 38. Nf3 Nc4 39. Qc1 Nxb6 40. Qd2 Nc4
41. Qc1 b5 42. g4 Nb6 43. Qd2 Rc3 44. Re3 Rxe3 45. Qxe3 Nxd5 0-1

[Event "Zalakaros open (Barczay memorial)"]
[Site "Zalakaros"]
[Date "2019.05.27"]
[Round "5.2"]
[White "Kantor, Gergely"]
[Black "Srinath, Rao S.V"]
[Result "1/2-1/2"]
[WhiteElo "2516"]
[BlackElo "2395"]
[PlyCount "81"]
[EventDate "2019.05.23"]
[EventType "swiss"]
[EventRounds "9"]
[EventCountry "HUN"]

1. d4 Nf6 2. c4 g6 3. g3 Bg7 4. Bg2 O-O 5. Nc3 d6 6. Nf3 Nc6 7. O-O e5 8. dxe5
dxe5 9. Bg5 Be6 10. Nd2 h6 11. Bxf6 Bxf6 12. Nde4 Be7 13. Qc1 Kg7 14. Rd1 Qc8
15. Nd5 Bxd5 16. cxd5 Nd4 17. Qc4 f5 18. Nc3 f4 19. Qd3 fxg3 20. hxg3 Qg4 21.
Qe4 Qxe4 22. Bxe4 Bb4 23. Bd3 Rad8 24. Rac1 c6 25. dxc6 Nxc6 26. Ne4 Rd5 27. a3
Be7 28. Nc3 Rd7 29. Be4 Rxd1+ 30. Rxd1 Rd8 31. Rxd8 Nxd8 32. Kg2 b6 33. Nb5 a5
34. Bd5 Kf6 35. Kf3 Ne6 36. e3 Nc5 37. b3 h5 38. a4 g5 39. Nc3 g4+ 40. Ke2 Kg5
41. Ne4+ 1/2-1/2

[Event "Zalakaros open (Barczay memorial)"]
[Site "Zalakaros"]
[Date "2019.05.27"]
[Round "5.3"]
[White "Almasi, Istvan"]
[Black "Horvath, Adam"]
[Result "1-0"]
[WhiteElo "2407"]
[BlackElo "2531"]
[PlyCount "91"]
[EventDate "2019.05.23"]
[EventType "swiss"]
[EventRounds "9"]
[EventCountry "HUN"]

1. d4 Nf6 2. Nf3 e6 3. e3 b6 4. Bd3 Bb7 5. O-O Be7 6. c4 O-O 7. Nc3 d5 8. cxd5
exd5 9. b3 Nbd7 10. Bb2 a6 11. Rc1 Bd6 12. Ne2 Re8 13. Ng3 g6 14. Qc2 Ng4 15.
Rfe1 Rc8 16. Qe2 h5 17. Nf1 Qe7 18. Rc2 Ra8 19. Rec1 c6 20. Qd1 a5 21. Re2 f5
22. g3 Ngf6 23. Nh4 Qf7 24. Qc2 Nb8 25. f3 Ba6 26. Bxa6 Rxa6 27. Nd2 Ra7 28.
Rce1 Rae7 29. a3 Kh7 30. e4 dxe4 31. fxe4 Nxe4 32. Nxe4 fxe4 33. Rxe4 Rxe4 34.
Rxe4 Rf8 35. Qe2 g5 36. Re6 gxh4 37. Rxd6 hxg3 38. hxg3 Qf3 39. Qe1 Re8 40.
Qxe8 Qxg3+ 41. Kf1 Qf3+ 42. Ke1 Qg3+ 43. Ke2 Qg4+ 44. Kd2 Qf4+ 45. Kd1 Qxd6 46.
Qf7+ 1-0

[Event "Zalakaros open (Barczay memorial)"]
[Site "Zalakaros"]
[Date "2019.05.27"]
[Round "5.4"]
[White "Borhy, Marcell"]
[Black "Horvath, Jozsef"]
[Result "1/2-1/2"]
[WhiteElo "2374"]
[BlackElo "2451"]
[PlyCount "176"]
[EventDate "2019.05.23"]
[EventType "swiss"]
[EventRounds "9"]
[EventCountry "HUN"]

1. d4 Nf6 2. c4 e6 3. g3 d5 4. Bg2 Bb4+ 5. Bd2 Bd6 6. Nf3 O-O 7. Qc2 Nc6 8. O-O
dxc4 9. Qxc4 e5 10. d5 Ne7 11. Nc3 h6 12. Rfd1 a6 13. a4 c6 14. dxc6 Nxc6 15.
Be3 Be6 16. Qd3 Bb4 17. Qxd8 Rfxd8 18. Nd2 Bxc3 19. bxc3 Nd5 20. Bxd5 Bxd5 21.
Bb6 Rdc8 22. c4 Be6 23. Ne4 Nd4 24. Bxd4 Rxc4 25. Bxe5 Rxe4 26. Bf4 Rxe2 27.
Rab1 Ra2 28. Rd4 Bh3 29. Bc7 Rc8 30. Bb6 Rcc2 31. a5 Kh7 32. Rdd1 f6 33. Rbc1
Kg6 34. Rxc2 Rxc2 35. f3 Rg2+ 36. Kh1 Ra2 37. Kg1 h5 38. Rc1 Bd7 39. Rc3 Ra1+
40. Kf2 Ra2+ 41. Kg1 Bc6 42. Bc7 Kf7 43. h4 Ke6 44. Re3+ Kf5 45. Rc3 Bd5 46.
Rd3 Ke6 47. Re3+ Kd7 48. Bb6 Kd6 49. Kf1 g5 50. hxg5 fxg5 51. Ke1 h4 52. gxh4
gxh4 53. Re2 Ra1+ 54. Kf2 h3 55. Kg3 Be6 56. Rd2+ Ke7 57. Bd8+ Kf7 58. Rb2 Kg6
59. Bc7 Rg1+ 60. Kf4 Rf1 61. Kg3 Rg1+ 62. Kf4 Rf1 63. Kg3 Bd5 64. Kxh3 Bxf3 65.
Kg3 Bc6 66. Rf2 Rg1+ 67. Kf4 Kf6 68. Bb6 Rd1 69. Re2 Rd3 70. Re3 Rd2 71. Re1
Rd5 72. Re3 Rf5+ 73. Kg3 Rf1 74. Re2 Rf3+ 75. Kg4 Rb3 76. Re3 Rb4+ 77. Kg3 Kf5
78. Kf2 Be4 79. Rc3 Ke5 80. Ke3 Bd5 81. Bc7+ Ke6 82. Rc5 Rh4 83. Kd2 Bc6 84.
Kc3 Kd7 85. Bb6 Kd6 86. Rg5 Bd5 87. Rg6+ Be6 88. Rg7 Ke5 1/2-1/2

[Event "Zalakaros open (Barczay memorial)"]
[Site "Zalakaros"]
[Date "2019.05.27"]
[Round "5.6"]
[White "Varga, Zoltan"]
[Black "Horak, Jiri"]
[Result "1-0"]
[WhiteElo "2457"]
[BlackElo "2226"]
[PlyCount "83"]
[EventDate "2019.05.23"]
[EventType "swiss"]
[EventRounds "9"]
[EventCountry "HUN"]

1. e4 e5 2. Nf3 Nc6 3. Bb5 Nf6 4. d3 d6 5. c4 Be7 6. h3 O-O 7. Be3 Bd7 8. Nc3
Nb8 9. Bxd7 Nbxd7 10. Qb3 Qc8 11. d4 c6 12. O-O Qc7 13. Rfe1 a6 14. Rad1 b5 15.
cxb5 axb5 16. a3 Rab8 17. Bg5 Rfe8 18. Bxf6 Bxf6 19. d5 Nc5 20. Qc2 Rec8 21.
dxc6 Qxc6 22. Nd5 Bd8 23. Nb4 Qb6 24. Qd2 Nb7 25. Rc1 Rc5 26. Nd5 Qa6 27. b4
Rcc8 28. Rxc8 Rxc8 29. Rc1 Rc6 30. Rc3 g6 31. Qc2 Rxc3 32. Qxc3 Kg7 33. Qc8 h6
34. h4 Bb6 35. h5 Qa7 36. hxg6 Bxf2+ 37. Kh2 Be3 38. gxf7 Kxf7 39. Qd7+ Kg6 40.
Nh4+ Kg5 41. Qf5+ Kxh4 42. g3# 1-0

[Event "Zalakaros open (Barczay memorial)"]
[Site "Zalakaros"]
[Date "2019.05.27"]
[Round "5.7"]
[White "Kantorik, Marian"]
[Black "Czebe, Attila"]
[Result "0-1"]
[WhiteElo "2202"]
[BlackElo "2427"]
[PlyCount "76"]
[EventDate "2019.05.23"]
[EventType "swiss"]
[EventRounds "9"]
[EventCountry "HUN"]

1. d4 d6 2. c4 e5 3. dxe5 dxe5 4. Qxd8+ Kxd8 5. Nc3 Be6 6. e4 Bc5 7. Be3 Bxe3
8. fxe3 c6 9. Nf3 f6 10. O-O-O+ Kc7 11. Be2 Nh6 12. h3 a5 13. b3 Na6 14. Na4 b6
15. Kb2 Nf7 16. Rd2 Rhd8 17. Rhd1 Rxd2+ 18. Rxd2 Nd6 19. Bd3 Bf7 20. Nh4 Rd8
21. Kc1 Bg6 22. Nf5 Bxf5 23. exf5 e4 24. Bb1 Nc5 25. Nxc5 bxc5 26. Rf2 a4 27.
Rf4 a3 28. Kc2 h5 29. Kc3 Re8 30. g4 hxg4 31. hxg4 Rh8 32. Bxe4 Rh3 33. Bf3 Rh2
34. b4 Rxa2 35. bxc5 Nb7 36. Be4 Nxc5 37. Bc2 Ra1 38. Rf2 Re1 0-1

[Event "Zalakaros open (Barczay memorial)"]
[Site "Zalakaros"]
[Date "2019.05.27"]
[Round "5.8"]
[White "Persanyi, Barnabas"]
[Black "Sonnberger, Thomas"]
[Result "1-0"]
[WhiteElo "2404"]
[BlackElo "2208"]
[PlyCount "69"]
[EventDate "2019.05.23"]
[EventType "swiss"]
[EventRounds "9"]
[EventCountry "HUN"]

1. d4 c5 2. d5 e6 3. Nc3 d6 4. e4 a6 5. a4 Nf6 6. Bc4 Be7 7. Nf3 exd5 8. Nxd5
Nxd5 9. Bxd5 O-O 10. O-O Nc6 11. h3 Rb8 12. c3 Ne5 13. Nxe5 dxe5 14. Be3 b5 15.
axb5 Rxb5 16. Qe2 Qc7 17. Bc4 Ra5 18. Rad1 Qb7 19. f3 Ra4 20. b3 Ra3 21. Rd5
Be6 22. Rxe5 Bd6 23. Bxc5 Bxc4 24. Qxc4 Bxe5 25. Bxa3 Rc8 26. Bc5 g6 27. b4 a5
28. Rd1 Qc6 29. Rd5 Qf6 30. Qd3 Bxc3 31. Rd6 Qg5 32. Qxc3 axb4 33. Be3 bxc3 34.
Bxg5 c2 35. Bc1 1-0

[Event "Zalakaros open (Barczay memorial)"]
[Site "Zalakaros"]
[Date "2019.05.27"]
[Round "5.12"]
[White "Kosztolanczi, Gyula"]
[Black "Radovanovic, Jovica"]
[Result "0-1"]
[WhiteElo "2078"]
[BlackElo "2306"]
[PlyCount "104"]
[EventDate "2019.05.23"]
[EventType "swiss"]
[EventRounds "9"]
[EventCountry "HUN"]

1. e4 c5 2. Nf3 d6 3. d4 cxd4 4. Nxd4 Nf6 5. Nc3 Nc6 6. Bc4 Qb6 7. Ndb5 a6 8.
Be3 Qa5 9. Nd4 e6 10. O-O Be7 11. Bb3 Qh5 12. f3 Bd7 13. Nce2 Qa5 14. Nc3 O-O
15. f4 Nxd4 16. Bxd4 Bc6 17. Qf3 Rae8 18. Rad1 b5 19. Bxf6 Bxf6 20. Rxd6 Rc8
21. Kh1 Qc7 22. Rfd1 Qb7 23. Re1 Rfd8 24. Rd3 a5 25. a3 a4 26. Ba2 b4 27. axb4
Qxb4 28. Rxd8+ Rxd8 29. Qh3 Qxb2 30. e5 Rd2 31. Bd5 Bxd5 32. Nxd5 Rxd5 33. exf6
Qxf6 34. Qf3 g6 35. c4 Ra5 36. c5 Rxc5 37. Qa8+ Kg7 38. Qxa4 Rf5 39. g3 g5 40.
Rg1 h6 41. Qe4 Qc3 42. Re1 Rd5 43. Re3 Qd4 44. fxg5 hxg5 45. Qxd4+ Rxd4 46. Re2
g4 47. Kg2 Kg6 48. h3 gxh3+ 49. Kxh3 Rd5 50. Kg4 Rf5 51. Kh3 Kf6 52. Kg2 e5 0-1

[Event "Zalakaros open (Barczay memorial)"]
[Site "Zalakaros"]
[Date "2019.05.27"]
[Round "5.13"]
[White "Friml, Antonin"]
[Black "Doric, Nenad"]
[Result "0-1"]
[WhiteElo "2025"]
[BlackElo "2262"]
[PlyCount "112"]
[EventDate "2019.05.23"]
[EventType "swiss"]
[EventRounds "9"]
[EventCountry "HUN"]

1. e4 c5 2. Nf3 e6 3. d4 cxd4 4. Nxd4 Nf6 5. Bd3 Nc6 6. Nxc6 dxc6 7. O-O e5 8.
b3 Qd4 9. c3 Qd8 10. Qc2 Be6 11. Nd2 Bc5 12. Nc4 Nd7 13. b4 Be7 14. f4 exf4 15.
Bxf4 O-O 16. Rad1 Bg5 17. Bd6 Re8 18. e5 h6 19. Qe2 b5 20. Na5 Bd5 21. c4 bxc4
22. Bxc4 Nb6 23. Bxd5 cxd5 24. Nb7 Qd7 25. Qa6 Nc4 26. Nc5 Be3+ 27. Kh1 Bxc5
28. Bxc5 Nxe5 29. h3 Re6 30. Qa3 Qb7 31. Qg3 Ng6 32. Rf3 Rd8 33. Rdf1 Rd7 34.
Rd1 Qb5 35. Rfd3 Qb7 36. Ra3 a6 37. Bd4 Kh7 38. Rf3 Re4 39. Rfd3 f6 40. R3d2
Qc8 41. Qb3 Qc4 42. Qg3 Rde7 43. Bc5 R7e5 44. Bd6 Rg5 45. Qf2 Qc6 46. Qc5 Qa4
47. Qc3 Re2 48. Rxe2 Qxd1+ 49. Re1 Qa4 50. Qd3 Qb5 51. Qb1 Qc4 52. a4 d4 53.
Qe4 f5 54. Qb7 d3 55. Qf3 Nh4 56. Qf4 Qd5 0-1

[Event "Zalakaros open (Barczay memorial)"]
[Site "Zalakaros"]
[Date "2019.05.27"]
[Round "5.14"]
[White "Peczely, Sebastian Zsombor"]
[Black "Csala, Imre"]
[Result "1/2-1/2"]
[WhiteElo "2245"]
[BlackElo "2062"]
[PlyCount "93"]
[EventDate "2019.05.23"]
[EventType "swiss"]
[EventRounds "9"]
[EventCountry "HUN"]

1. e4 d6 2. d4 Nf6 3. Nc3 c6 4. f3 Nbd7 5. Be3 e5 6. Qd2 Be7 7. O-O-O b5 8. g4
Nb6 9. h4 Nfd7 10. d5 b4 11. dxc6 bxc3 12. cxd7+ Bxd7 13. Qxc3 Na4 14. Qe1 Qc7
15. Ne2 Rc8 16. c3 O-O 17. Rh2 Be6 18. Kc2 Qa5 19. Nc1 Nxc3 20. bxc3 Bxa2 21.
Bd3 d5 22. exd5 Bb4 23. Ne2 Qa3 24. Rc1 Bb3+ 25. Kd2 Qb2+ 26. Bc2 Rxc3 27. Nxc3
Bxc3+ 28. Kd1 Bxe1 29. Kxe1 e4 30. d6 Bxc2 31. Rhxc2 Qb4+ 32. Kf2 Qxd6 33. Bc5
e3+ 34. Kg2 Qa6 35. Bxf8 Kxf8 36. Re1 h5 37. gxh5 Qe6 38. Rce2 Kg8 39. Rxe3 Qf6
40. Re4 Kh7 41. Rb1 Qc6 42. Rb2 Qd5 43. Re7 Qxh5 44. Rbb7 Qxh4 45. Rxf7 Qg5+
46. Kf1 Qc1+ 47. Kg2 1/2-1/2

[Event "Zalakaros open (Barczay memorial)"]
[Site "Zalakaros"]
[Date "2019.05.27"]
[Round "5.15"]
[White "Boronyak, Arpad"]
[Black "Ianov, Viktor"]
[Result "0-1"]
[WhiteElo "2130"]
[BlackElo "2298"]
[PlyCount "88"]
[EventDate "2019.05.23"]
[EventType "swiss"]
[EventRounds "9"]
[EventCountry "HUN"]

1. e4 d6 2. d4 Nf6 3. Nc3 e5 4. Nf3 Nbd7 5. Bc4 Be7 6. O-O O-O 7. h3 a6 8. a4
b6 9. Re1 Bb7 10. d5 Kh8 11. Be3 Ng8 12. Qd2 g6 13. Nh2 Bc8 14. f4 exf4 15.
Bxf4 Ne5 16. Be2 Bf6 17. Nf3 Qe7 18. Nd4 Bd7 19. Rf1 Kg7 20. Rae1 h6 21. b3 Bg5
22. Bd3 Nf6 23. Bxg5 hxg5 24. Qxg5 Nxd5 25. Qd2 Nxc3 26. Qxc3 c5 27. Nf3 b5 28.
axb5 axb5 29. Qd2 Rfc8 30. Nxe5 Qxe5 31. Qf2 Rf8 32. Re3 Ra1 33. c3 Rxf1+ 34.
Bxf1 Bc6 35. Qd2 Re8 36. b4 c4 37. Re1 d5 38. exd5 Qxe1 39. Qd4+ Qe5 40. dxc6
Qxd4+ 41. cxd4 Kf6 42. Kf2 Ke6 43. Be2 Kd5 44. c7 Kxd4 0-1

[Event "Zalakaros open (Barczay memorial)"]
[Site "Zalakaros"]
[Date "2019.05.27"]
[Round "5.16"]
[White "Haselbach, David"]
[Black "Meszaros, Andras"]
[Result "0-1"]
[WhiteElo "2109"]
[BlackElo "2285"]
[PlyCount "98"]
[EventDate "2019.05.23"]
[EventType "swiss"]
[EventRounds "9"]
[EventCountry "HUN"]

1. d4 Nf6 2. Nf3 g6 3. Bg5 Bg7 4. Nbd2 d5 5. e3 b6 6. c3 Bb7 7. Be2 O-O 8. O-O
c5 9. Bh4 Nc6 10. Re1 Re8 11. Ne5 Nxe5 12. dxe5 Nd7 13. f4 f6 14. e6 Nf8 15.
Bb5 Nxe6 16. Bxe8 Qxe8 17. Bg3 Rd8 18. Qc2 Qc6 19. Nf3 f5 20. Rad1 Nf8 21. Bh4
Re8 22. Rd2 Nd7 23. Red1 e6 24. c4 Qc7 25. Qb3 Kh8 26. cxd5 exd5 27. Rxd5 Bxd5
28. Qxd5 Nf6 29. Qc4 Rd8 30. Rd3 Rxd3 31. Qxd3 Qd7 32. Ne5 Qxd3 33. Nxd3 Ng4
34. b3 Nxe3 35. Bf2 Nd5 36. Kf1 Kg8 37. Ke1 Kf7 38. a4 Ke6 39. Kd1 Nc3+ 40. Kc2
Kd5 41. a5 Ne4 42. axb6 axb6 43. Be3 b5 44. h3 Bd4 45. Bc1 Bc3 46. Be3 c4 47.
Nc1 Bd4 48. Bd2 Nxd2 49. Kxd2 Ke4 0-1

[Event "Zalakaros open (Barczay memorial)"]
[Site "Zalakaros"]
[Date "2019.05.27"]
[Round "5.17"]
[White "Becskei, Zoltan"]
[Black "Hrbolka, Ladislav"]
[Result "1/2-1/2"]
[WhiteElo "2285"]
[BlackElo "2094"]
[PlyCount "76"]
[EventDate "2019.05.23"]
[EventType "swiss"]
[EventRounds "9"]
[EventCountry "HUN"]

1. e4 c6 2. d4 d5 3. e5 c5 4. Nf3 Nc6 5. c4 cxd4 6. cxd5 Qxd5 7. Nc3 Qd8 8. Nb5
e6 9. Nbxd4 Bc5 10. Be3 Qa5+ 11. Bd2 Qb6 12. Bc3 Nge7 13. Qa4 O-O 14. Bb5 Bd7
15. O-O a6 16. Bxc6 Nxc6 17. Nxc6 Bxc6 18. Qg4 Rad8 19. Ng5 h6 20. Nh3 Bd4 21.
Nf4 Bxc3 22. bxc3 Qc5 23. Rfe1 Qe7 24. h4 Kh7 25. Re3 g6 26. h5 g5 27. Ne2 f5
28. exf6 Qxf6 29. f3 e5 30. Qb4 e4 31. Nd4 Qf4 32. Rae1 exf3 33. Nxf3 Qxb4 34.
cxb4 Bxf3 35. Re7+ Kg8 36. gxf3 Rf7 37. R1e6 Rdf8 38. Rxf7 Rxf7 1/2-1/2

[Event "Zalakaros open (Barczay memorial)"]
[Site "Zalakaros"]
[Date "2019.05.27"]
[Round "5.18"]
[White "Piroska, Istvan"]
[Black "Kincs, Imre"]
[Result "1/2-1/2"]
[WhiteElo "2094"]
[BlackElo "2228"]
[PlyCount "40"]
[EventDate "2019.05.23"]
[EventType "swiss"]
[EventRounds "9"]
[EventCountry "HUN"]

1. e4 g6 2. d4 Bg7 3. Nf3 d6 4. Nc3 c6 5. a4 Nd7 6. Be2 Qc7 7. O-O Ngf6 8. a5
O-O 9. h3 e5 10. dxe5 dxe5 11. Be3 Nh5 12. Qd2 Nf4 13. Rfd1 Re8 14. Bf1 Nf6 15.
Bc5 Bf8 16. Bxf8 Rxf8 17. Qd6 Qxd6 18. Rxd6 Ne8 19. Rd2 f6 20. Bc4+ Be6 1/2-1/2

[Event "Zalakaros open (Barczay memorial)"]
[Site "Zalakaros"]
[Date "2019.05.27"]
[Round "5.19"]
[White "Bereczki, Janos"]
[Black "Pasztor, Ferenc"]
[Result "0-1"]
[WhiteElo "2090"]
[BlackElo "2225"]
[PlyCount "96"]
[EventDate "2019.05.23"]
[EventType "swiss"]
[EventRounds "9"]
[EventCountry "HUN"]

1. Nf3 Nf6 2. c4 c5 3. g3 Nc6 4. Bg2 g6 5. O-O Bg7 6. d4 cxd4 7. Nxd4 O-O 8.
Nxc6 bxc6 9. Nc3 Rb8 10. Rb1 Ng4 11. Qc2 Qa5 12. Bd2 Qh5 13. h3 Nf6 14. b3 d6
15. h4 Bf5 16. e4 Bg4 17. f3 Qc5+ 18. Kh2 Bd7 19. Qc1 h5 20. Na4 Qe5 21. Bc3
Qe6 22. Nb2 Nh7 23. Nd3 Bxc3 24. Qxc3 Qf6 25. Qxf6 Nxf6 26. Rbd1 Rfd8 27. e5
Ne8 28. f4 Bg4 29. Rde1 d5 30. cxd5 cxd5 31. Rc1 Be2 32. Nc5 Bxf1 33. Bxf1 Rdc8
34. Ba6 Rc6 35. a3 Nc7 36. Bd3 a5 37. a4 Ne6 38. Nd7 Rxc1 39. Nxb8 Nc5 40. Bb5
e6 41. Nc6 Nxb3 42. Kg2 Rc3 43. Kf2 Kg7 44. Nd8 Nd4 45. Bd7 Rc7 46. Bb5 Nxb5
47. axb5 Rc2+ 48. Ke3 Rb2 0-1

[Event "Zalakaros open (Barczay memorial)"]
[Site "Zalakaros"]
[Date "2019.05.27"]
[Round "5.20"]
[White "Borsos, Bogdan"]
[Black "Souhardo, Basak"]
[Result "0-1"]
[WhiteElo "2217"]
[BlackElo "2082"]
[PlyCount "44"]
[EventDate "2019.05.23"]
[EventType "swiss"]
[EventRounds "9"]
[EventCountry "HUN"]

1. e4 c5 2. c3 d6 3. d4 Nf6 4. Bd3 g6 5. Nf3 Bg7 6. e5 dxe5 7. dxe5 Ng4 8. Bf4
Nc6 9. Qe2 O-O 10. O-O Ngxe5 11. Nxe5 Nxe5 12. Bxe5 Bxe5 13. Qxe5 Qxd3 14. Qxe7
b6 15. Na3 Ba6 16. Rfd1 Qe2 17. Qxe2 Bxe2 18. Rd2 Rfe8 19. f3 Rad8 20. Rxd8
Rxd8 21. Rc1 Rd2 22. Rc2 Rd1+ 0-1

[Event "Zalakaros open (Barczay memorial)"]
[Site "Zalakaros"]
[Date "2019.05.28"]
[Round "6.3"]
[White "Horvath, Jozsef"]
[Black "Gschnitzer, Adrian"]
[Result "1/2-1/2"]
[WhiteElo "2451"]
[BlackElo "2419"]
[PlyCount "45"]
[EventDate "2019.05.23"]
[EventType "swiss"]
[EventRounds "9"]
[EventCountry "HUN"]

1. Nf3 Nf6 2. g3 c5 3. Bg2 d5 4. O-O Nc6 5. d4 e6 6. c4 dxc4 7. Qa4 Bd7 8. Qxc4
b5 9. Qc3 Rc8 10. dxc5 Nd5 11. Qc2 Ncb4 12. Qd2 Bxc5 13. e4 Nf6 14. Nc3 Qb6 15.
e5 Ng4 16. Ne4 Bc6 17. Nd6+ Bxd6 18. exd6 Nd5 19. Qg5 Ndf6 20. Be3 Qb7 21. Rac1
h6 22. Qc5 Nxe3 23. Qxe3 1/2-1/2

[Event "Zalakaros open (Barczay memorial)"]
[Site "Zalakaros"]
[Date "2019.05.28"]
[Round "6.4"]
[White "Radovanovic, Jovica"]
[Black "Kantor, Gergely"]
[Result "1/2-1/2"]
[WhiteElo "2306"]
[BlackElo "2516"]
[PlyCount "143"]
[EventDate "2019.05.23"]
[EventType "swiss"]
[EventRounds "9"]
[EventCountry "HUN"]

1. d4 Nf6 2. c4 e6 3. g3 d5 4. Nf3 Bb4+ 5. Bd2 Be7 6. Bg2 O-O 7. O-O Nbd7 8.
Qc2 Ne4 9. Bf4 c6 10. Nc3 g5 11. Bc1 f5 12. b3 b6 13. Bb2 Bb7 14. Rad1 Qe8 15.
Ne5 Nxe5 16. dxe5 Nxc3 17. Qxc3 g4 18. Qc1 Rf7 19. Ba3 h5 20. Bxe7 Qxe7 21. Qf4
h4 22. Rd3 Rh7 23. Rc1 hxg3 24. Rxg3 Kh8 25. cxd5 cxd5 26. Rgc3 Qd8 27. Rg3 Ba6
28. Bf1 d4 29. b4 Qh4 30. h3 Rg8 31. Kh2 gxh3 32. Qxh4 Rxh4 33. Ra3 Bb7 34.
Rxh3 Rxh3+ 35. Bxh3 Bd5 36. a3 f4 37. Rd1 Rg5 38. Rxd4 Rxe5 39. Bg4 f3 40. Bxf3
Bxf3 41. exf3 a5 42. Re4 Rf5 43. Kg3 axb4 44. axb4 Rb5 45. Rg4 Kh7 46. Kg2 Rf5
47. Kg3 Rb5 48. Re4 Kg7 49. Rxe6 Rxb4 50. f4 Kf7 51. Rh6 Rb2 52. f3 Rb5 53. Kg4
Kg7 54. Rc6 Kf7 55. Rh6 Kg7 56. Rd6 Kf7 57. Rc6 Kg7 58. f5 Rb1 59. Kg5 Rg1+ 60.
Kf4 Rb1 61. Rc4 Kf6 62. Re4 Rb2 63. Re6+ Kf7 64. Rd6 Rb1 65. Rd2 Kf6 66. Rd4
Rb2 67. Rd6+ Kf7 68. Re6 Rb1 69. Rc6 Rb2 70. Rc4 Kf6 71. Re4 Rb1 72. Re6+
1/2-1/2

[Event "Zalakaros open (Barczay memorial)"]
[Site "Zalakaros"]
[Date "2019.05.28"]
[Round "6.5"]
[White "Doric, Nenad"]
[Black "Varga, Zoltan"]
[Result "1/2-1/2"]
[WhiteElo "2262"]
[BlackElo "2457"]
[PlyCount "76"]
[EventDate "2019.05.23"]
[EventType "swiss"]
[EventRounds "9"]
[EventCountry "HUN"]

1. e4 Nf6 2. Nc3 e5 3. Nf3 d6 4. g3 a6 5. Bg2 b5 6. O-O Bb7 7. d3 Be7 8. Nh4 g6
9. Bh6 Nbd7 10. Bg7 Rg8 11. Bh6 Nc5 12. h3 b4 13. Nb1 Nfd7 14. Qg4 Bxh4 15.
gxh4 f5 16. Qg3 f4 17. Qg4 Nf6 18. Qe2 Nfxe4 19. Bxf4 exf4 20. Nd2 Qxh4 21.
Nxe4 O-O-O 22. Nxc5 dxc5 23. Bxb7+ Kxb7 24. Qf3+ c6 25. Rfe1 g5 26. Re6 Rc8 27.
Re7+ Kb6 28. Qg4 Qxg4+ 29. hxg4 Rc7 30. Rae1 Rxe7 31. Rxe7 h5 32. gxh5 Rh8 33.
Re5 Rxh5 34. Kg2 a5 35. a4 bxa3 36. bxa3 a4 37. Re4 Rh4 38. f3 Kb5 1/2-1/2

[Event "Zalakaros open (Barczay memorial)"]
[Site "Zalakaros"]
[Date "2019.05.28"]
[Round "6.6"]
[White "Czebe, Attila"]
[Black "Borhy, Marcell"]
[Result "1-0"]
[WhiteElo "2427"]
[BlackElo "2374"]
[PlyCount "63"]
[EventDate "2019.05.23"]
[EventType "swiss"]
[EventRounds "9"]
[EventCountry "HUN"]

1. e4 d6 2. d4 Nf6 3. Nc3 e5 4. Nf3 Nbd7 5. Bc4 Be7 6. O-O Nb6 7. Bd3 Nfd7 8.
Ne2 exd4 9. Nfxd4 Ne5 10. Ng3 O-O 11. Be2 d5 12. f4 Nc6 13. Nxc6 bxc6 14. e5
Bc5+ 15. Kh1 f6 16. Bd3 Qe7 17. Bd2 fxe5 18. fxe5 Qxe5 19. Rxf8+ Bxf8 20. Qf3
Nd7 21. Bc3 Qg5 22. Rf1 Nf6 23. Bxf6 gxf6 24. Nh5 f5 25. g4 Bc5 26. Qh3 h6 27.
Bxf5 Ba6 28. Rf4 Bd6 29. Qe3 Bxf4 30. Qe6+ Kf8 31. Nf6 Qg7 32. Nh7+ 1-0

[Event "Zalakaros open (Barczay memorial)"]
[Site "Zalakaros"]
[Date "2019.05.28"]
[Round "6.7"]
[White "Suta, Andraz"]
[Black "Persanyi, Barnabas"]
[Result "0-1"]
[WhiteElo "2175"]
[BlackElo "2404"]
[PlyCount "120"]
[EventDate "2019.05.23"]
[EventType "swiss"]
[EventRounds "9"]
[EventCountry "HUN"]

1. e4 e5 2. Nf3 Nc6 3. Bb5 a6 4. Ba4 Nf6 5. O-O Be7 6. Re1 b5 7. Bb3 d6 8. c3
O-O 9. h3 Nd7 10. d4 Bb7 11. Nbd2 exd4 12. cxd4 Bf6 13. Nf1 Na5 14. Bc2 Re8 15.
Bf4 c5 16. e5 dxe5 17. dxe5 Bxf3 18. Qxf3 Nxe5 19. Bxe5 Bxe5 20. Rad1 Qf6 21.
Qd3 g6 22. Ne3 Bd4 23. Ng4 Qg5 24. b4 h5 25. Nh2 Nc4 26. Nf3 Qf6 27. bxc5 Bxc5
28. Qd5 Bb6 29. Bb3 Rxe1+ 30. Rxe1 Rd8 31. Qb7 Na5 32. Qe4 Nxb3 33. axb3 Kg7
34. b4 Rd6 35. h4 Qb2 36. Re2 Qa1+ 37. Re1 Qc3 38. Qb1 Rf6 39. Rc1 Qa3 40. Rd1
Rxf3 41. gxf3 Qxf3 42. Qb2+ Kh7 43. Ra1 Qg4+ 44. Kf1 Bd4 45. Qa2 Bxa1 46. Qxa1
Qxh4 47. Qxa6 Qxb4 48. Qf6 Qc4+ 49. Kg2 b4 50. Kh2 b3 51. Kg2 Qg4+ 52. Kh2 Qf5
53. Qb2 Qf3 54. Kg1 h4 55. Qd4 h3 56. Qh4+ Kg7 57. Qd4+ Qf6 58. Qb4 b2 59. Kh2
Qxf2+ 60. Kxh3 Qf5+ 0-1